000 01782nam a2200313 i 4500
005 20250329165435.0
007 ta
008 190415s2021 000 0 eng d
040 _aCO-CtgCURN
_bspa
_ccoctgcurn
_erda
082 0 _aENF 2021
_bP438
100 1 _aPérez Altamar, Jireh,
_eauthor.
_4aut
245 1 0 _aFactores de riesgo predisponentes a conductas suicidas en estudiantes de Enfermera y Medicina de una universidad en Cartagena, Colombia /
_cJireh Pérez Altamar; Sofía Caicedo Arboleda; Rosa Andrea Baena Ríos; María Camila Bolaño Pearson; directora Zorayda Barrios Puerta.
260 _aCartagena de Indias :
_bCorporación Universitaria Rafael Núñez,
_c2021.
300 _a104 hojas.
336 _atext
_btxt
_2rdacontent
337 _aunmediated
_bn
_2rdamedia
338 _avolume
_bnc
_2rdacarrier
504 _aTrabajo de grado (Enfermera). Corporación Universitaria Rafael Nuñez. Facultad de Ciencias de la Salud. Programa de Enfermería, 2021.
520 _a"El suicidio en la representa una problemtica prioritaria en salud pblica, sobre todo en poblacin universitaria, entre quienes el riesgo de ideacin y conductas suicidas tiende a ser ms recurrentes"
650 0 _aEnfermería
_vTesis y disertaciones academicas.
700 1 _aCaicedo Arboleda, Sofía.
700 1 _aBaena Ríos, Rosa Andrea.
700 1 _aBolaño Pearson, María Camila.
700 1 _aZorayda Barrios Puerta,
_edirectora.
856 _uhttps://unicurn.sharepoint.com/:b:/s/biblioteca/EX90hwTEIANFoDGPozDtxnYB3MhWGqUg6DHI3Xk_1nOg4Q?e=HTWcwf
_zClick aqui para ver el recurso en texto completo
856 7 _zClick aqui para ver el recurso en texto completo
942 _2ddc
_cTG
_hENF 2021
_iP438
999 _c4076
_d4076